000 00909nam a22002777a 4500
001 7448
003 FISKH
005 20250716101638.0
008 250716b cb ||||| |||| 00| 0 eng d
020 _a9780312368784
040 _aFISKH
_beng
_cFISKH
_dFISKH
050 _aGV551 .G47
082 _a791.34092
100 _aGerstein, Mordicai
245 _aThe man who walked between the towers /
_cMordicai Gerstein
250 _aFirst Square Fish Edition : April 2007
260 _aNew York :
_bRoaring Brook Press,
_c2003
300 _a36 unnumbered pages :
_bcolor illustrations ;
_c28 cm
505 _aP
520 _aA lyrical evocation of Philippe Petit's 1974 tightrope walk between the World Trade Center towers.
521 8 _a640
_bLexile AD
521 8 _aP
_bRaz-Plus
650 _aTightrope Walking
_vTrade Center
_xTwin Towers World
942 _2ddc
_cBK
_n0
999 _c7448
_d7448